00423nam a2200145Ia 4500008004100000020001800041041000800059082001700067100002200084245009100106250000600197260003900203300001200242650002300254210716s2012 xx 000 0 und d a9788131727157 aeng a658.404 PINJ aPinto, Jeffrey K. aProject management: achieving competitive advantage.bAchieving competitive advantage. a1 aNew DelhibPearson Educationc2012 axxi,490 aProject Management